Statistics for countries flags from WW1

Click here to take the quiz!

General Stats

  • This quiz has been taken 74 times
  • The average score is 19 of 21

Answer Stats

Answer% Correct
Sweden
98%
Spain
97%
Belgium
95%
France
95%
Austria-Hungary
94%
Luxemburg
94%
Norway
94%
Ottoman empire
94%
Portugal
94%
Switzerland
94%
Italy
92%
Romania
92%
Serbia
92%
The Netherlands
92%
Albania
90%
Bulgaria
89%
Denmark
89%
German empire
84%
Russian empire
79%
Greece
77%
British empire
74%

Score Distribution

Percentile by Number Answered

Percent of People with Each Score

Your Score History

You have not taken this quiz